|
|
|
|
| LEADER |
00961nam a2200217 a 4500 |
| 001 |
28920 |
| 003 |
BD-DhAAL |
| 008 |
150227r20121995bg 000 0 ben d |
| 020 |
|
|
|a 9848485023
|
| 040 |
|
|
|a DB-DhAAL
|c DB-DhAAL
|
| 082 |
0 |
0 |
|a 891.44
|
| 100 |
1 |
|
|a ইকবাল, মুহম্মদ জাফর
|9 8824
|
| 245 |
1 |
0 |
|a কিশোর উপন্যাসসমগ্র ১ /
|c মুহম্মদ জাফর ইকবাল
|
| 260 |
|
|
|a ঢাকা :
|b জ্ঞানকোষ প্রকাশনী,
|c ১৯৯৫ [২০১২]
|
| 300 |
|
|
|a ৫০৪ পৃ. ;
|c ২২ সে.মি.
|
| 504 |
|
|
|6 Novel
|
| 541 |
1 |
|
|e 28920
|
| 650 |
|
0 |
|a Bengali fiction
|9 6008
|
| 942 |
|
|
|2 ddc
|c BK
|
| 999 |
|
|
|c 33806
|d 33806
|
| 952 |
|
|
|0 0
|1 0
|2 ddc
|4 0
|6 891_440000000000000_IQB
|7 0
|9 52787
|a BRACUL
|b BRACUL
|c GEN
|d 2015-02-27
|e BRAC Institute of Language (BIL)
|l 18
|m 104
|o 891.44 IQB
|p 3010028920
|r 2026-05-12
|s 2026-02-01
|t 1
|w 2015-02-27
|y BK
|x Transferred from BIL to BRACUL on 06/06/22
|